Anatomía Humana. Descriptiva, topográfica y funcional. (Registro nro. 2149)

Detalles MARC
000 -LEADER
fixed length control field 01353nam a2200313 a 4500
005 - FECHA ULTIMA MODIFICACION
control field 20240528104746.0
008 - CAMPO DE CONTROL (LIBRO)
fixed length control field 101001t1996||||sp a f |||| 001 0 spa d
020 ## - INTERNATIONAL STANDARD BOOK NUMBER
ISBN 8445805096
041 ## - CODIGO DE IDIOMA
Código de idioma del texto/pista de sonido o título separado spa
092 ## - SIGNATURA TOPOGRAFICA DEWEY LOCAL
número de clasificación 611
libristica 75
sección ROU
100 1# - ENTRADA PRINCIPAL--NOMBRE PERSONAL
Nombre personal Rouviere, Henri
9 (RLIN) 74
245 ## - TITULO PROPIAMENTE DICHO
Título Anatomía Humana. Descriptiva, topográfica y funcional.
Subtítulo y Título paralelo T.3 Miembros- Sistema Nervioso Central /
Mención de responsabilidad y remanente de la transcripción de la portada H. Rouviere.
250 ## - MENCION DE EDICION
Mención de edición 9a ed.
Mención de responsabilidad relacionada con la ed. Versión en español dirigida por E. Acosta Vidrio
260 ## - PIE DE IMPRENTA
Lugar de publicación, distribución, etc Barcelona:
Nombre de la editorial, distribuidor, etc Masson;
Fecha de publicación 1996.
300 ## - DESCRIPCION FISICA
Extension 767 p.
Otros detalles físicos il.
500 ## - NOTA GENERAL
Nota general Rouviere, H. y Delmas, A. (1996). Anatomía Humana. Descriptiva, topográfica y funcional. T.3 Miembros y Sistema Nervioso Central. (9a ed.). Barcelona : Masson.
653 ## - TÉRMINO INDIZADO - PALABRAS CLAVES
Palabra clave Anatomía descriptiva del miembro superior
653 ## - TÉRMINO INDIZADO - PALABRAS CLAVES
Palabra clave Anatomía topográfica del miembro superior
653 ## - TÉRMINO INDIZADO - PALABRAS CLAVES
Palabra clave Anatomía funcional del miembro superior
653 ## - TÉRMINO INDIZADO - PALABRAS CLAVES
Palabra clave Anatomía descriptiva del miembro inferior
653 ## - TÉRMINO INDIZADO - PALABRAS CLAVES
Palabra clave Anatomía topografica del miembro inferior
653 ## - TÉRMINO INDIZADO - PALABRAS CLAVES
Palabra clave Anatomía funcional del miembro inferior
653 ## - TÉRMINO INDIZADO - PALABRAS CLAVES
Palabra clave Territorio de inervasión funcional del miembro inferior
653 ## - TÉRMINO INDIZADO - PALABRAS CLAVES
Palabra clave Sistema nervioso central Cerebroespinal
653 ## - TÉRMINO INDIZADO - PALABRAS CLAVES
Palabra clave Sistema nervioso de la vida vegetativa orgánica
653 ## - TÉRMINO INDIZADO - PALABRAS CLAVES
Palabra clave Meninges, vasos del neuroeje
700 1# - ENTRADAS SECUNDARIAS - NOMBRE PERSONAL
Título del trabajo Delmas, André
9 (RLIN) 75
942 ## - ADDED ENTRY ELEMENTS (KOHA)
Source of classification or shelving scheme Dewey Decimal Classification
Item type Libros
Existencias
Estado de retiro Existencia Fuente de clasificación Estado general No para prestamo Ubicación permanente ubicación actual Sala de ubicación Fecha de adquisición Fuente de adquisición Total Checkouts Total Renewals Número de clasificación Código de barras Date last seen Date last borrowed Número de ejemplar Price effective from Koha tipo de elemento (item) Public note Coded location qualifier
    Dewey Decimal Classification     Biblioteca Medicina Biblioteca Medicina Circulación 11/03/2015 Donación Florencia Benatti, marzo 2015 35 3 611 75 ROU 3466 28/04/2025 21/04/2025 Ej. 7 11/03/2015 Libros Donación Florencia Benatti, marzo 2015. Hemeroteca 2022  

UNIVERSIDAD NACIONAL DEL COMAHUE
Biblioteca de la Facultad de Ciencias Médicas
Sede Toschi: Los Arrayanes y Av. Toschi, Cipolletti  - Rio Negro
Sede Los Tordos:  Yrigoyen al 2211, Cipolletti - Rio Negro 

Teléfono: 0299 - 4774707 int 25
Contacto: biblioteca@facimed.uncoma.edu.ar
© 2011 - 2026